000 00405nam a2200181Ia 4500
001 681
005 20260306140535.0
008 260306t2018||||xx |||||||||||||| ||spa||
041 _aESP
082 _a128.5
_bH21
100 _aHan, Byung-Chul
_eAUT
245 0 _aMuerte y alteridad
260 _c2018
300 _a278 páginas :
_c21 cm.
650 _aGEN
654 _aCHU
942 _cLIB
_dJUS
_fJUS
_2ddc
_n
999 _c681
_d681